[Event "BCF-chT2a 1112 (4NCL)"]
[Site "England"]
[Date "2012.02.11"]
[Round "5.2"]
[White "Quist, Sven Roy"]
[Black "Crouch, Colin S"]
[Result "0-1"]
[WhiteElo "2142"]
[BlackElo "2374"]
[PlyCount "80"]
[EventDate "2011.11.12"]
[EventType "team-tourn"]
[EventRounds "7"]
[EventCountry "ENG"]
[SourceTitle "EXT 2013"]
[Source "ChessBase"]
[SourceDate "2012.11.22"]
[SourceVersion "1"]
[SourceVersionDate "2012.11.22"]
[SourceQuality "1"]
[WhiteTeam "Cambridge II"]
[BlackTeam "Pandoras Box"]
[WhiteTeamCountry "ENG"]
[BlackTeamCountry "ENG"]

1. c4 c6 2. Nf3 d5 3. b3 Bg4 4. Bb2 Nf6 5. e3 e6 6. Be2 Nbd7 7. d4 Bb4+ 8. Bc3 Bd6 9. Nbd2 Qc7 10. h3 Bf5 11. c5 Be7 12. b4 Ne4 13. Nxe4 dxe4 14. Nd2 Nf6 15. Qb3 Nd5 16. Nc4 0-0 17. Bd2 b6 18. Rc1 b5 19. Na5 Bg6 20. a4 a6 21. g3 f5 22. axb5 axb5 23. 0-0 Rf6 24. Ra1 Raf8 25. Ra3 Be8 26. Qc2 h5 27. h4 Rg6 28. Kh1 Rxg3 29. fxg3 Qxg3 30. Be1 Qh3+ 31. Kg1 Rf6 32. Bg4 Rg6 33. Rf2 Rxg4+ 34. Rg2 Nxe3 35. Rxe3 Qxe3+ 36. Bf2 Rxg2+ 37. Kxg2 Qf3+ 38. Kg1 e3 39. Be1 e2 40. Qd2 Qg4+ 0-1

[Event "BCF-chT1d 0809 (4NCL) Demotion pool"]
[Site "England"]
[Date "2009.03.22"]
[Round "8.6"]
[White "Quist, Sven Roy"]
[Black "Dilleigh, Stephen P"]
[Result "1/2-1/2"]
[WhiteElo "2136"]
[BlackElo "2151"]
[PlyCount "148"]
[EventDate "2008.10.04"]
[EventType "team-tourn"]
[EventRounds "4"]
[EventCountry "ENG"]
[SourceTitle "EXT 2010"]
[Source "ChessBase"]
[SourceDate "2010.11.25"]
[SourceVersion "1"]
[SourceVersionDate "2010.11.25"]
[SourceQuality "1"]
[WhiteTeam "Cambridge"]
[BlackTeam "Bristol"]
[WhiteTeamCountry "ENG"]
[BlackTeamCountry "ENG"]

1. c4 e6 2. Nf3 Nf6 3. g3 d5 4. Bg2 Be7 5. 0-0 0-0 6. d4 c6 7. b3 Nbd7 8. Nc3 b6 9. Qc2 Ba6 10. Na4 c5 11. dxc5 Nxc5 12. Nxc5 Bxc5 13. Rd1 Rc8 14. Bb2 h6 15. Ne5 Qe7 16. Rac1 b5 17. e3 Bd6 18. Qd2 bxc4 19. Qa5 Qb7 20. Nxc4 Bxc4 21. Bxf6 Be2 22. Bd4 Bxd1 23. Rxd1 Bb4 24. Qa4 Bc3 25. Bf1 Bxd4 26. Rxd4 Rc1 27. Kg2 e5 28. Ba6 Qa8 29. Rb4 Qc6 30. Bb5 Qc3 31. Rg4 Qc5 32. Qa6 Qb6 33. Ra4 Rb8 34. Bf1 Qxa6 35. Rxa6 Rb7 36. Rd6 Rc5 37. Bd3 Kf8 38. e4 d4 39. Bc4 Ke7 40. Ra6 Rd7 41. Kf1 Rcc7 42. Ke2 Rd6 43. Ra5 f6 44. f4 exf4 45. gxf4 g5 46. e5 fxe5 47. fxe5 Rg6 48. Kd3 g4 49. Kxd4 g3 50. hxg3 Rg4+ 51. Ke3 Rxg3+ 52. Kf4 Rg2 53. Ra6 Rf2+ 54. Kg4 h5+ 55. Kg5 Ke8 56. Re6+ Re7 57. Kxh5 Rxe6 58. Bxe6 Ke7 59. Bc4 Rf5+ 60. Kg4 Rxe5 61. Kf4 Kd6 62. a4 a5 63. Bg8 Re8 64. Bc4 Kc5 65. Bb5 Re7 66. Bc4 Kd4 67. Kf3 Re3+ 68. Kf2 Re7 69. Bb5 Kc3 70. Bc4 Kd2 71. Kf3 Re8 72. Kf4 Kc3 73. Kf3 Rb8 74. Ke4 Rxb3 1/2-1/2

[Event "BCF-chT1a 0809 (4NCL)"]
[Site "England"]
[Date "2009.03.21"]
[Round "7.6"]
[White "Franklin, Michael J"]
[Black "Quist, Sven Roy"]
[Result "1/2-1/2"]
[WhiteElo "2226"]
[BlackElo "2136"]
[PlyCount "73"]
[EventDate "2008.10.04"]
[EventType "team-tourn"]
[EventRounds "7"]
[EventCountry "ENG"]
[SourceTitle "EXT 2010"]
[Source "ChessBase"]
[SourceDate "2010.11.25"]
[SourceVersion "1"]
[SourceVersionDate "2010.11.25"]
[SourceQuality "1"]
[WhiteTeam "Richmond"]
[BlackTeam "Cambridge"]
[WhiteTeamCountry "ENG"]
[BlackTeamCountry "ENG"]

1. d4 Nf6 2. Nf3 g6 3. Bf4 Bg7 4. e3 d6 5. Nbd2 0-0 6. Bc4 b6 7. h3 Bb7 8. 0-0 c5 9. Re1 Nbd7 10. c3 Qc7 11. Bh2 a6 12. Qe2 b5 13. Bd3 e5 14. dxe5 Nxe5 15. Nxe5 dxe5 16. c4 b4 17. f3 Qe7 18. e4 Rfd8 19. Nf1 Bh6 20. Rad1 Nh5 21. g3 Rd4 22. Ne3 Bxe3+ 23. Qxe3 Rad8 24. Be2 R8d7 25. b3 Ng7 26. Kg2 Bc8 27. g4 f6 28. Rxd4 Rxd4 29. Bg1 Qd6 30. Qc1 Rd2 31. Rd1 Rxd1 32. Qxd1 Qxd1 33. Bxd1 Ne6 34. Be3 Kf7 35. h4 Nd4 36. Kg3 Bb7 37. Bxd4 1/2-1/2

[Event "Oberliga Ost-A 0506"]
[Site "Germany"]
[Date "2006.04.02"]
[Round "11.6"]
[White "Matthey, Harald"]
[Black "Quist, Sven Roy"]
[Result "1-0"]
[WhiteElo "2225"]
[BlackElo "2162"]
[PlyCount "45"]
[EventDate "2005.11.13"]
[EventType "team-tourn"]
[EventRounds "11"]
[EventCountry "GER"]
[SourceTitle "EXT 2007"]
[Source "ChessBase"]
[SourceDate "2006.11.23"]
[SourceVersion "1"]
[SourceVersionDate "2006.11.23"]
[SourceQuality "1"]
[WhiteTeam "Loeberitz"]
[BlackTeam "Magdeburg Aufbau Elbe"]
[WhiteTeamCountry "GER"]
[BlackTeamCountry "GER"]

1. d4 Nf6 2. c4 g6 3. Nc3 Bg7 4. e4 d6 5. f4 0-0 6. Nf3 c5 7. d5 e6 8. Be2 exd5 9. cxd5 Re8 10. e5 dxe5 11. fxe5 Ng4 12. Bg5 Qa5 13. 0-0 Nxe5 14. d6 Be6 15. Nd5 Nxf3+ 16. Bxf3 Na6 17. Nf6+ Kh8 18. Bxb7 c4 19. Nxe8 Qb6+ 20. Kh1 Qxb7 21. Nxg7 Kxg7 22. Qd4+ Kg8 23. Qf6 1-0

[Event "Oberliga Ost-A 0506"]
[Site "Germany"]
[Date "2005.12.11"]
[Round "4.7"]
[White "Poenisch, Eckehard"]
[Black "Quist, Sven Roy"]
[Result "1/2-1/2"]
[WhiteElo "2225"]
[BlackElo "2162"]
[PlyCount "63"]
[EventDate "2005.11.13"]
[EventType "team-tourn"]
[EventRounds "11"]
[EventCountry "GER"]
[SourceTitle "EXT 2007"]
[Source "ChessBase"]
[SourceDate "2006.11.23"]
[SourceVersion "1"]
[SourceVersionDate "2006.11.23"]
[SourceQuality "1"]
[WhiteTeam "Coswig"]
[BlackTeam "Magdeburg Aufbau Elbe"]
[WhiteTeamCountry "GER"]
[BlackTeamCountry "GER"]

1. e4 c5 2. c3 Nf6 3. e5 Nd5 4. d4 cxd4 5. Nf3 d6 6. cxd4 Nc6 7. Bc4 e6 8. 0-0 Be7 9. Qe2 0-0 10. Nc3 Nxc3 11. bxc3 dxe5 12. dxe5 Qc7 13. Bd3 Rd8 14. Re1 Rd5 15. Qe4 g6 16. Bh6 Bd7 17. h4 Rd8 18. h5 Be8 19. Bf1 Rc5 20. Qf4 b5 21. hxg6 hxg6 22. Qh2 Rdd5 23. Bxb5 Nxe5 24. Rxe5 Bxb5 25. Bf4 Bd6 26. Rae1 f6 27. Rxd5 Rxd5 28. Bxd6 Qxd6 29. Qh6 Be8 30. Qe3 Rd1 31. Qxa7 Bc6 32. Qe3 1/2-1/2

[Event "Oberliga Ost-A 0506"]
[Site "Germany"]
[Date "2005.11.27"]
[Round "3.6"]
[White "Jahn, Constanze"]
[Black "Quist, Sven Roy"]
[Result "1-0"]
[WhiteElo "2173"]
[BlackElo "2162"]
[PlyCount "89"]
[EventDate "2005.11.13"]
[EventType "team-tourn"]
[EventRounds "11"]
[EventCountry "GER"]
[SourceTitle "EXT 2007"]
[Source "ChessBase"]
[SourceDate "2006.11.23"]
[SourceVersion "1"]
[SourceVersionDate "2006.11.23"]
[SourceQuality "1"]
[WhiteTeam "Halle USV"]
[BlackTeam "Magdeburg Aufbau Elbe"]
[WhiteTeamCountry "GER"]
[BlackTeamCountry "GER"]

1. e4 c5 2. Nf3 Nc6 3. c3 d6 4. d4 Nf6 5. Bd3 cxd4 6. cxd4 Bd7 7. Nc3 g6 8. h3 Bg7 9. e5 dxe5 10. dxe5 Ng8 11. Qe2 Qa5 12. Bf4 h5 13. 0-0 Nh6 14. Bc4 e6 15. Rfd1 Nf5 16. a3 Rd8 17. Bg5 0-0 18. Bxd8 Rxd8 19. Nb5 a6 20. Nd6 Nxd6 21. Rxd6 Bf8 22. Rdd1 b5 23. b4 Qb6 24. Bd3 Bc8 25. Be4 Bb7 26. Rxd8 Nxd8 27. Bxb7 Nxb7 28. Qe4 a5 29. Rd1 axb4 30. axb4 Nd8 31. Rc1 Qa6 32. Ne1 Bh6 33. Rd1 Qb6 34. Qa8 Bg5 35. Rd6 Qc7 36. Qa5 Qb8 37. Nd3 Kg7 38. Rb6 Qc7 39. Qxb5 Qc2 40. Rd6 Be7 41. Rd7 Nc6 42. Qb7 Nxe5 43. Nxe5 Qc1+ 44. Kh2 Qf4+ 45. g3 1-0

[Event "Regionalliga NW 0203"]
[Site "Bayern"]
[Date "2002.11.17"]
[Round "2.3"]
[White "Hertel, Hans"]
[Black "Quist, Sven Roy"]
[Result "0-1"]
[WhiteElo "2079"]
[BlackElo "2060"]
[PlyCount "56"]
[EventDate "2002.10.20"]
[EventType "team-tourn"]
[EventRounds "9"]
[EventCountry "GER"]
[SourceTitle "EXT 2004"]
[Source "ChessBase"]
[SourceDate "2003.11.25"]
[SourceVersion "1"]
[SourceVersionDate "2003.11.25"]
[SourceQuality "1"]
[WhiteTeam "Hof"]
[BlackTeam "Wuerzburg II"]
[WhiteTeamCountry "GER"]
[BlackTeamCountry "GER"]

1. d4 Nf6 2. c3 g6 3. Bg5 Bg7 4. Nd2 d5 5. e3 Nbd7 6. f4 c5 7. Bd3 b6 8. Ngf3 Bb7 9. Ne5 a6 10. 0-0 Ne4 11. Ng4 f5 12. Nh6 Nxg5 13. fxg5 e6 14. Nf3 Qe7 15. Qe2 Qf8 16. dxc5 bxc5 17. b4 c4 18. Bc2 Bxc3 19. Nd4 Bxa1 20. Nxe6 Qd6 21. Bxf5 Nf8 22. Rxa1 Nxe6 23. Bg4 Rf8 24. e4 Qe5 25. Re1 Nf4 26. Qc2 Bc6 27. a4 Nd3 28. Rd1 Qd4+ 0-1

[Event "Regionalliga NW 0102"]
[Site "Bayern"]
[Date "2002.04.14"]
[Round "8.3"]
[White "Schindler, Viktor"]
[Black "Quist, Sven Roy"]
[Result "1-0"]
[WhiteElo "2085"]
[BlackElo "2100"]
[PlyCount "79"]
[EventDate "2001.10.07"]
[EventType "team-tourn"]
[EventRounds "9"]
[EventCountry "GER"]
[SourceTitle "EXT 2003"]
[Source "ChessBase"]
[SourceDate "2002.11.25"]
[SourceVersion "1"]
[SourceVersionDate "2002.11.25"]
[SourceQuality "1"]
[WhiteTeam "Hof"]
[BlackTeam "Wuerzburg II"]
[WhiteTeamCountry "GER"]
[BlackTeamCountry "GER"]

1. e4 c5 2. Nf3 Nc6 3. c3 g6 4. d4 cxd4 5. cxd4 Bg7 6. Nc3 d6 7. h3 Nf6 8. Be2 0-0 9. 0-0 Bd7 10. Be3 a6 11. a4 Rc8 12. Nd2 e5 13. d5 Nd4 14. Bd3 Nh5 15. Nc4 Qe7 16. Nb6 Rc7 17. Nxd7 Qxd7 18. Ne2 Nxe2+ 19. Bxe2 Nf4 20. Bf3 Qe7 21. Qd2 f5 22. g3 fxe4 23. Bxe4 Nh5 24. Bg2 Rc4 25. b3 Rcc8 26. Rad1 e4 27. Qb4 Rfe8 28. h4 Bc3 29. Qa3 Qe5 30. Kh2 Nf6 31. Bh3 Nxd5 32. Bxc8 Rxc8 33. Qc1 Qf5 34. Qb1 Bb4 35. Bd4 Qg4 36. Rc1 Rf8 37. Qc2 Nf4 38. Qxe4 Qh3+ 39. Kg1 d5 40. Qf3 1-0

[Event "Regionalliga NW 0102"]
[Site "Bayern"]
[Date "2001.10.07"]
[Round "1.3"]
[White "Schmid, Michael"]
[Black "Quist, Sven Roy"]
[Result "1-0"]
[WhiteElo "2010"]
[BlackElo "2100"]
[PlyCount "59"]
[EventDate "2001.10.07"]
[EventType "team-tourn"]
[EventRounds "9"]
[EventCountry "GER"]
[SourceTitle "EXT 2003"]
[Source "ChessBase"]
[SourceDate "2002.11.25"]
[SourceVersion "1"]
[SourceVersionDate "2002.11.25"]
[SourceQuality "1"]
[WhiteTeam "Sand"]
[BlackTeam "Wuerzburg II"]
[WhiteTeamCountry "GER"]
[BlackTeamCountry "GER"]

1. e4 c5 2. Nc3 e6 3. g3 d5 4. exd5 exd5 5. d4 Be6 6. Nf3 Nf6 7. Bg2 Nc6 8. 0-0 Be7 9. Bg5 h6 10. Bxf6 Bxf6 11. dxc5 Bxc3 12. bxc3 Qa5 13. Rb1 Rb8 14. Nd4 0-0 15. c4 Qxc5 16. Nxe6 fxe6 17. cxd5 Rfd8 18. Qe2 exd5 19. Rfd1 d4 20. Rb5 Qd6 21. Rdb1 b6 22. Qc4+ Kh8 23. Qxc6 Qe7 24. Qe4 Qf7 25. Rd5 Re8 26. Qxd4 Re2 27. Rd8+ Rxd8 28. Qxd8+ Re8 29. Qd5 Qc7 30. Be4 1-0

[Event "Mainz CC sim2"]
[Site "Mainz"]
[Date "2001.06.24"]
[Round "?"]
[White "Kramnik, Vladimir"]
[Black "Quist, Sven Roy"]
[Result "1-0"]
[WhiteElo "2797"]
[BlackElo "2205"]
[PlyCount "93"]
[EventDate "2001.06.23"]
[EventType "simul"]
[EventRounds "1"]
[EventCountry "GER"]
[SourceTitle "EXT 2002"]
[Source "ChessBase"]
[SourceDate "2001.11.25"]
[SourceVersion "1"]
[SourceVersionDate "2001.11.25"]
[SourceQuality "1"]

1. e4 c6 2. d4 d5 3. Nd2 dxe4 4. Nxe4 Nd7 5. Bc4 e6 6. Nf3 Ngf6 7. Nxf6+ Nxf6 8. Qe2 Bd6 9. Bg5 h6 10. Bh4 Qa5+ 11. c3 Nd5 12. 0-0 b5 13. Bb3 0-0 14. Ne5 Qc7 15. Rfe1 a6 16. Bg3 Bb7 17. Nd3 a5 18. Bc2 Bxg3 19. hxg3 Ba6 20. Nc5 Ra7 21. a4 Qb6 22. Bd3 Rb8 23. Qe4 Nf6 24. Qf4 Bc8 25. Re2 b4 26. c4 Nd7 27. Rd1 Rba8 28. Bc2 Ba6 29. Nxd7 Rxd7 30. b3 Rad8 31. Red2 Bb7 32. Qe4 g6 33. Qe3 Kh7 34. f4 Qc7 35. c5 Re7 36. Be4 Qd7 37. Kf2 f5 38. Bf3 Qe8 39. g4 Qf7 40. Rh1 Rf8 41. g3 Qg7 42. Qe5 Rd7 43. Rh2 h5 44. gxh5 gxh5 45. Rxh5+ Kg8 46. Rg5 Qxg5 47. fxg5 1-0

[Event "Oberliga Wuerttemberg 0001"]
[Site "Wuerttemberg"]
[Date "2001.04.29"]
[Round "9"]
[White "Quist, Sven Roy"]
[Black "Gritsch, Gabriel"]
[Result "1-0"]
[WhiteElo "2210"]
[BlackElo "2110"]
[PlyCount "81"]
[EventDate "2000.10.15"]
[EventType "team"]
[EventRounds "9"]
[EventCountry "GER"]
[SourceTitle "EXT 2019"]
[Source "ChessBase"]
[SourceDate "2018.10.10"]
[SourceVersion "1"]
[SourceVersionDate "2018.10.10"]
[SourceQuality "1"]

1. c4 Nf6 2. Nc3 g6 3. Nf3 Bg7 4. e4 d6 5. d4 0-0 6. Be2 e5 7. 0-0 Nc6 8. d5 Ne7 9. b4 Ne8 10. c5 h6 11. Nd2 f5 12. a4 Kh8 13. Ba3 Ng8 14. Nc4 Ngf6 15. f3 Rf7 16. a5 f4 17. b5 b6 18. cxd6 cxd6 19. Bb4 Rb8 20. axb6 axb6 21. Ra4 g5 22. Qa1 Bf8 23. Qa3 Kg8 24. Ra7 Rbb7 25. Rxb7 Bxb7 26. Na4 g4 27. Naxb6 g3 28. h3 Nh7 29. Rc1 Qh4 30. Nxd6 Nxd6 31. Bxd6 Ng5 32. Bf1 Nxe4 33. Bxf8 Ng5 34. Bc5 e4 35. Rc3 exf3 36. Rxf3 Nxf3+ 37. Qxf3 Qg5 38. Qg4 Qxg4 39. hxg4 f3 40. gxf3 Rxf3 41. d6 1-0

[Event "Oberliga Wuerttemberg 9900"]
[Site "Wuerttemberg"]
[Date "1999.11.21"]
[Round "?"]
[White "Quist, Sven Roy"]
[Black "Werner, Bernd Michael"]
[Result "1/2-1/2"]
[WhiteElo "2215"]
[BlackElo "2176"]
[PlyCount "142"]
[EventDate "1999.??.??"]
[EventType "team"]
[EventRounds "9"]
[EventCountry "GER"]
[SourceTitle "EXT 2005"]
[Source "ChessBase"]
[SourceDate "2004.11.15"]
[SourceVersion "1"]
[SourceVersionDate "2004.11.15"]
[SourceQuality "1"]

1. c4 Nf6 2. Nc3 g6 3. Nf3 Bg7 4. d4 d6 5. g3 Nbd7 6. Bg2 0-0 7. 0-0 c6 8. Qc2 e5 9. Rd1 Qe7 10. dxe5 dxe5 11. h3 Ne8 12. e4 Nc7 13. Rb1 Ne6 14. Ne2 a5 15. b3 f5 16. exf5 gxf5 17. Bb2 Rf7 18. Nh4 f4 19. Be4 Ng5 20. Nf5 Qc5 21. Kg2 Nf8 22. g4 f3+ 23. Bxf3 Bxf5 24. gxf5 Nxf3 25. Kxf3 e4+ 26. Kg2 Qxf5 27. Rf1 Ng6 28. Ng3 Qf3+ 29. Kh2 Re8 30. Qe2 Nh4 31. Rg1 Qxe2 32. Nxe2 Nf3+ 33. Kh1 Nxg1 34. Rxg1 e3 35. f4 Kh8 36. Bc1 Rd7 37. Kg2 Rd2 38. Bxd2 exd2 39. Kf3 Bf8 40. Rd1 Rd8 41. Ke3 Bc5+ 42. Ke4 Re8+ 43. Kd3 Re3+ 44. Kxd2 Rxh3 45. Rf1 a4 46. bxa4 Ra3 47. Nc1 Rxa4 48. Kc3 Ra3+ 49. Nb3 Bf8 50. Rf2 h5 51. f5 Kg7 52. Kd3 h4 53. Ke4 Bd6 54. f6+ Kf7 55. c5 Bg3 56. Rf3 Rxa2 57. Nd4 Rf2 58. Kf5 h3 59. Rxf2 Bxf2 60. Nf3 Bxc5 61. Ng5+ Kg8 62. Nxh3 b5 63. Ke6 b4 64. Nf4 b3 65. Nd3 Bf8 66. Nb2 Bb4 67. Nc4 Kf8 68. f7 Be7 69. Nb2 Bb4 70. Nc4 Kg7 71. Kd7 Kxf7 1/2-1/2

[Event "Regionalliga NO 9495"]
[Site "Bayern"]
[Date "1995.??.??"]
[Round "?.7"]
[White "Quist, Sven Roy"]
[Black "Zach, Andreas1111"]
[Result "1/2-1/2"]
[WhiteElo "1960"]
[BlackElo "1855"]
[PlyCount "65"]
[EventDate "1994.10.??"]
[EventType "team-tourn"]
[EventRounds "9"]
[EventCountry "GER"]
[SourceTitle "EXT 1999"]
[Source "ChessBase"]
[SourceDate "1998.11.16"]
[SourceVersion "1"]
[SourceVersionDate "1998.11.16"]
[SourceQuality "1"]
[WhiteTeam "Kelheim II"]
[BlackTeam "Lauf"]
[WhiteTeamCountry "GER"]
[BlackTeamCountry "GER"]

1. e4 d5 2. exd5 Nf6 3. c4 c6 4. d4 cxd5 5. Nc3 dxc4 6. Bxc4 e6 7. Nf3 Be7 8. 0-0 0-0 9. Bf4 a6 10. Ne5 Nbd7 11. Rc1 Nb6 12. Bd3 Bd7 13. Ne4 Nbd5 14. Bg3 Rc8 15. Qf3 Ne8 16. Nc5 Bxc5 17. dxc5 Bc6 18. Rfd1 Qf6 19. Qh5 g6 20. Qh6 Qg7 21. Qh4 Qf6 22. Qc4 Qe7 23. Qd4 f6 24. Nxc6 Rxc6 25. Re1 Qd7 26. Bc4 Kh8 27. b4 Ng7 28. Bd6 Nf5 29. Qd1 Nxd6 30. Bxd5 exd5 31. Qxd5 Rd8 32. cxd6 Qxd6 33. Qf3 1/2-1/2